书目信息 |
| 题名: |
发育生物学原理
|
|
| 作者: | 樊启昶 , 白书农 编著 | |
| 分册: | ||
| 出版信息: | 北京 高等教育出版社 2002.11 |
|
| 页数: | 422页 | |
| 开本: | 26cm | |
| 丛书名: | ||
| 单 册: | ||
| 中图分类: | Q111 | |
| 科图分类: | ||
| 主题词: | 生物--进化 , 生物--发展 | |
| 电子资源: | ||
| ISBN: | 7-04-011090-3 | |
| 000 | 00642nam0 2200217 45 | |
| 001 | 0262230679 | |
| 005 | 2002061017170948 | |
| 010 | @a7-04-011090-3@dRMB 39.50 | |
| 100 | @a20020610d2002 km y0chiy0120 ea | |
| 101 | 0 | @achi |
| 102 | @aCN@b110000 | |
| 200 | 1 | @a发育生物学原理@Afa yu sheng wu xue yuan li@f樊启昶,白书农编著@Ffan qi chang,bai shu nong bian zhu |
| 210 | @a北京@c高等教育出版社@d2002.11 | |
| 215 | @a422页@d26cm | |
| 606 | 0 | @a生物@x进化 |
| 606 | 0 | @a生物@x发展 |
| 690 | @aQ111@v3 | |
| 701 | 0 | @a樊启昶@Afan qi chang@4编著 |
| 701 | 0 | @a白书农@Abai shu nong@4编著 |
| 801 | 0 | @aCN@bPFT@c20020610 |
| 905 | @a安徽大学@dQ111@eF065 | |
| 发育生物学原理/樊启昶,白书农编著.-北京:高等教育出版社,2002.11 |
| 422页;26cm |
| ISBN 7-04-011090-3:RMB 39.50 |
| ● |
| 相关链接 |
|
|
|
正题名:发育生物学原理
索取号:Q111/F065
 
预约/预借
| 序号 | 登录号 | 条形码 | 馆藏地/架位号 | 状态 | 备注 |
| 1 | 362201 | 203622017 | 自科库401/401自科库 25排1列4层/ [索取号:Q111/F065] | 在馆 | |
| 2 | 362202 | 203622026 | 自科库401/401自科库 25排1列4层/ [索取号:Q111/F065] | 在馆 | |
| 3 | 362203 | 203622035 | 自科库401/401自科库 25排1列4层/ [索取号:Q111/F065] | 在馆 |